00763nai a2200169Ia 4500003000900000008004100009022002200050040001600072245006200088260008600150362002200236521006900258856008800327942000700415999001700422952015400439IN-BaIIA211028c9999 xx s 000 0 eng d a2223-6511 (Print) cIIA Library 0aIEEE Biometrics Compendium (virtual Journal)h[eJournal] aNew York, USAbThe Institute of Electrical and Electronics Engineers, Inc. (IEEE) a1; 2010 - Present bSubscribed through National Knowledge Resource Consortium (NKRC) uhttps://ieeexplore.ieee.org/virtual-journals/biocompyClick Here to Access eJournal cEJ c34472d34472 00104070aBANbBANd2009-01-01eNKRCh1; 2010 - Presentl0pEJ556r2021-11-05uhttps://ieeexplore.ieee.org/virtual-journals/biocompw2021-11-05yEJ